000 00681nam a22001937a 4500
005 20180824114946.0
010 _aENG-123757
020 _a9788178245348
_c595.00
035 _aEN-107289
037 _bDBAD/PUB
082 _a333.954160954
100 _aGhazala Shahabuddin
245 _aConservation at the crossroads:
_cby Ghazala Shahabuddin
_bscience, society, and the future of india's wildlife /
260 _aRanikhet
_bPermanent Black
_c2017
270 _aHimalayana, Mall Road, Ranikhet Cantt.
_bRanikhet
_e263645
300 v _axxiv,244p.
_c21cm(pbk)
_bill.
500 _aIt includes bibliography and index
942 _2ddc
_cEN
_mGHA
_h333.954160954
999 _c156250
_d156250